[Event "European Women's Championship"]
[Site "Vysoke Tatry"]
[Date "2018.04.10"]
[Round "3"]
[White "Gunina, Valentina"]
[Black "Ilyuchyk, Yana"]
[Result "1-0"]
[Board "7"]
[WhiteElo "2507"]
[WhiteTitle "GM"]
[WhiteCountry "RUS"]
[WhiteFideId "4167570"]
[WhiteEloChange "1"]
[BlackElo "2098"]
[BlackCountry "BLR"]
[BlackFideId "13508407"]
[BlackEloChange "-2"]

1. d4 {[%clk 1:30:56]} Nf6 {[%clk 1:30:54]} 2. c4 {[%clk 1:31:21]} d6 {[%clk
1:31:20]} 3. Nc3 {[%clk 1:31:31]} Nbd7 {[%clk 1:31:43]} 4. e4 {[%clk 1:31:26]} e5
{[%clk 1:32:08]} 5. Nf3 {[%clk 1:31:16]} g6 {[%clk 1:32:31]} 6. Be2 {[%clk
1:31:13]} Bg7 {[%clk 1:32:56]} 7. O-O {[%clk 1:31:37]} O-O {[%clk 1:33:21]} 8.
Be3 {[%clk 1:31:55]} c6 {[%clk 1:31:23]} 9. Qc2 {[%clk 1:31:25]} Ng4 {[%clk
1:26:00]} 10. Bg5 {[%clk 1:31:03]} Bf6 {[%clk 1:26:16]} 11. Bxf6 {[%clk 1:30:24]}
Ngxf6 {[%clk 1:26:13]} 12. Rad1 {[%clk 1:28:27]} Qe7 {[%clk 1:23:39]} 13. d5
{[%clk 1:25:14]} c5 {[%clk 1:22:50]} 14. Ne1 {[%clk 1:25:36]} Ne8 {[%clk
1:08:03]} 15. Nd3 {[%clk 1:25:09]} Ng7 {[%clk 1:04:47]} 16. Rde1 {[%clk 1:22:50]}
f5 {[%clk 1:02:48]} 17. f4 {[%clk 1:17:51]} fxe4 {[%clk 0:58:46]} 18. Nxe4 {[%clk
1:18:07]} exf4 {[%clk 0:53:58]} 19. Bg4 {[%clk 1:17:30]} Ne5 {[%clk 0:49:32]} 20.
Nxd6 {[%clk 1:14:29]} Qxd6 {[%clk 0:46:20]} 21. Nxe5 {[%clk 1:14:27]} Bxg4 {[%clk
0:46:26]} 22. Nxg4 {[%clk 1:14:53]} Nf5 {[%clk 0:39:19]} 23. Re6 {[%clk 1:14:29]}
Qc7 {[%clk 0:38:33]} 24. Qe4 {[%clk 1:11:38]} Qg7 {[%clk 0:35:06]} 25. Rf2 {[%clk
1:11:52]} Rad8 {[%clk 0:26:00]} 26. Qxf4 {[%clk 1:11:10]} Nd4 {[%clk 0:25:55]}
27. Nh6+ {[%clk 1:05:36]} Kh8 {[%clk 0:26:20]} 28. Nf7+ {[%clk 1:05:41]} Rxf7
{[%clk 0:21:32]} 29. Qxf7 {[%clk 1:06:04]} Nxe6 {[%clk 0:20:47]} 30. Qxe6 {[%clk
1:06:28]} b5 {[%clk 0:14:55]} 31. cxb5 {[%clk 1:05:37]} Qd4 {[%clk 0:14:55]} 32.
Qe7 {[%clk 1:05:54]} Qd1+ {[%clk 0:10:03]} 33. Rf1 {[%clk 1:06:02]} Qd4+ {[%clk
0:10:30]} 34. Kh1 {[%clk 1:06:27]} Rg8 {[%clk 0:10:56]} 35. d6 {[%clk 1:05:59]}
Qxb2 {[%clk 0:08:24]} 36. d7 {[%clk 1:06:06]} Qd4 {[%clk 0:08:37]} 37. h3 {[%clk
1:06:25]} 1-0

[Event "European Women's Championship"]
[Site "Vysoke Tatry"]
[Date "2018.04.10"]
[Round "3"]
[White "Schleining, Zoya"]
[Black "Goryachkina, Aleksandra"]
[Result "1/2-1/2"]
[Board "8"]
[WhiteElo "2382"]
[WhiteTitle "IM"]
[WhiteCountry "GER"]
[WhiteFideId "4671660"]
[WhiteEloChange "3"]
[BlackElo "2495"]
[BlackTitle "WGM"]
[BlackCountry "RUS"]
[BlackFideId "4147103"]
[BlackEloChange "-2"]

1. d4 {[%clk 1:30:56]} d5 {[%clk 1:30:53]} 2. Bg5 {[%clk 1:31:21]} h6 {[%clk
1:29:32]} 3. Bh4 {[%clk 1:31:32]} c6 {[%clk 1:29:33]} 4. e3 {[%clk 1:31:13]} Qb6
{[%clk 1:28:19]} 5. b3 {[%clk 1:30:28]} Bf5 {[%clk 1:25:31]} 6. Nf3 {[%clk
1:26:51]} e6 {[%clk 1:21:53]} 7. Bd3 {[%clk 1:26:17]} Bxd3 {[%clk 1:17:39]} 8.
Qxd3 {[%clk 1:26:40]} Ne7 {[%clk 1:17:19]} 9. Bg3 {[%clk 1:20:18]} Nd7 {[%clk
1:13:36]} 10. h3 {[%clk 1:06:33]} c5 {[%clk 1:09:35]} 11. Nc3 {[%clk 0:57:12]}
Nc6 {[%clk 1:06:56]} 12. O-O {[%clk 0:53:44]} cxd4 {[%clk 1:02:51]} 13. exd4
{[%clk 0:53:15]} Be7 {[%clk 1:02:11]} 14. Nb5 {[%clk 0:32:04]} O-O {[%clk
0:54:49]} 15. Bc7 {[%clk 0:31:20]} Qa6 {[%clk 0:54:57]} 16. a4 {[%clk 0:30:27]}
Rac8 {[%clk 0:53:28]} 17. Rfc1 {[%clk 0:27:31]} b6 {[%clk 0:43:21]} 18. Bd6
{[%clk 0:25:15]} Nf6 {[%clk 0:40:06]} 19. Bxe7 {[%clk 0:23:06]} Nxe7 {[%clk
0:40:30]} 20. Nd6 {[%clk 0:21:45]} Qxd3 {[%clk 0:37:35]} 21. cxd3 {[%clk
0:22:13]} Rxc1+ {[%clk 0:36:33]} 22. Rxc1 {[%clk 0:22:42]} Rd8 {[%clk 0:35:45]}
23. Nb5 {[%clk 0:17:24]} Rc8 {[%clk 0:29:22]} 24. Rxc8+ {[%clk 0:17:15]} Nxc8
{[%clk 0:29:51]} 25. Ne5 {[%clk 0:17:22]} Ne8 {[%clk 0:29:29]} 26. Nc6 {[%clk
0:16:20]} a6 {[%clk 0:28:38]} 27. Nc3 {[%clk 0:15:11]} Nc7 {[%clk 0:28:22]} 28.
b4 {[%clk 0:13:00]} Kf8 {[%clk 0:22:51]} 29. g4 {[%clk 0:10:28]} Ke8 {[%clk
0:21:41]} 30. Kg2 {[%clk 0:10:05]} f6 {[%clk 0:21:05]} 31. f4 {[%clk 0:09:20]}
Kd7 {[%clk 0:17:12]} 32. Nb8+ {[%clk 0:09:37]} Kd6 {[%clk 0:17:36]} 33. h4 {[%clk
0:09:04]} g6 {[%clk 0:13:13]} 34. Kf3 {[%clk 0:08:19]} Ne7 {[%clk 0:12:01]} 35.
Ne2 {[%clk 0:06:00]} Nc8 {[%clk 0:04:34]} 36. Ng3 {[%clk 0:04:43]} Na7 {[%clk
0:04:26]} 37. f5 {[%clk 0:04:03]} exf5 {[%clk 0:03:47]} 38. gxf5 {[%clk 0:04:13]}
g5 {[%clk 0:03:50]} 39. Nh5 {[%clk 0:03:33]} Ke7 {[%clk 0:03:43]} 40. Kg4 {[%clk
0:33:17]} a5 {[%clk 0:32:47]} 41. b5 {[%clk 0:30:08]} Ne8 {[%clk 0:31:30]} 42.
Ng3 {[%clk 0:28:12]} Ng7 {[%clk 0:30:05]} 43. hxg5 {[%clk 0:25:31]} fxg5 {[%clk
0:24:59]} 44. Nc6+ {[%clk 0:19:52]} Nxc6 {[%clk 0:25:08]} 45. bxc6 {[%clk
0:20:20]} Ne8 {[%clk 0:16:43]} 46. Kh5 {[%clk 0:17:46]} Kd6 {[%clk 0:12:59]} 47.
Kxh6 {[%clk 0:17:33]} Kxc6 {[%clk 0:13:20]} 48. Kxg5 {[%clk 0:17:44]} b5 {[%clk
0:13:12]} 49. axb5+ {[%clk 0:17:26]} Kxb5 {[%clk 0:13:39]} 50. Ne2 {[%clk
0:14:00]} Kb4 {[%clk 0:10:56]} 51. Kf4 {[%clk 0:08:28]} a4 {[%clk 0:08:08]} 52.
Ke5 {[%clk 0:07:11]} a3 {[%clk 0:08:10]} 53. Nc1 {[%clk 0:07:34]} Kc3 {[%clk
0:07:39]} 54. Kxd5 {[%clk 0:07:42]} Kb2 {[%clk 0:03:31]} 55. Kc4 {[%clk 0:08:05]}
Nd6+ {[%clk 0:03:51]} 56. Kb4 {[%clk 0:08:25]} Nxf5 {[%clk 0:04:19]} 57. d5
{[%clk 0:08:03]} Nd4 {[%clk 0:01:40]} 58. d6 {[%clk 0:07:39]} Nc2+ {[%clk
0:02:03]} 59. Kc5 {[%clk 0:07:46]} Kxc1 {[%clk 0:02:04]} 60. d7 {[%clk 0:08:11]}
a2 {[%clk 0:02:29]} 61. d8Q {[%clk 0:08:33]} a1Q {[%clk 0:02:51]} 62. Qg5+ {[%clk
0:08:41]} Kd1 {[%clk 0:02:17]} 63. Qg1+ {[%clk 0:08:12]} Ne1 {[%clk 0:02:13]} 64.
Qg4+ {[%clk 0:07:54]} Kd2 {[%clk 0:02:03]} 65. Qf4+ {[%clk 0:07:33]} Kxd3 {[%clk
0:02:02]} 66. Qg3+ {[%clk 0:06:53]} Ke2 {[%clk 0:01:37]} 67. Qh2+ {[%clk
0:07:03]} Kf3 {[%clk 0:01:16]} 68. Qh5+ {[%clk 0:07:01]} Kg3 {[%clk 0:01:11]} 69.
Qg5+ {[%clk 0:07:09]} Kf2 {[%clk 0:01:19]} 70. Qd2+ {[%clk 0:07:00]} Kf3 {[%clk
0:01:11]} 71. Qd5+ {[%clk 0:07:21]} Ke2 {[%clk 0:01:22]} 72. Qe4+ {[%clk
0:07:22]} Kd2 {[%clk 0:01:46]} 73. Qf4+ {[%clk 0:07:35]} Kd3 {[%clk 0:01:25]} 74.
Qg3+ {[%clk 0:07:34]} Ke4 {[%clk 0:01:21]} 75. Qg4+ {[%clk 0:07:47]} Ke3 {[%clk
0:01:17]} 76. Qg5+ {[%clk 0:07:19]} Ke2 {[%clk 0:01:31]} 77. Qe7+ {[%clk
0:06:43]} Kf1 {[%clk 0:01:27]} 78. Qf7+ {[%clk 0:06:54]} Kg1 {[%clk 0:01:51]} 79.
Qg6+ {[%clk 0:06:03]} Ng2 {[%clk 0:02:13]} 80. Qd3 {[%clk 0:04:41]} Qa7+ {[%clk
0:02:22]} 81. Kc6 {[%clk 0:04:56]} Ne3 {[%clk 0:02:20]} 82. Qb1+ {[%clk 0:05:03]}
Kf2 {[%clk 0:02:25]} 83. Qb2+ {[%clk 0:05:12]} Kg3 {[%clk 0:02:15]} 84. Qe5+
{[%clk 0:05:20]} Kg4 {[%clk 0:02:27]} 85. Qe6+ {[%clk 0:04:22]} Kg5 {[%clk
0:01:46]} 86. Qg8+ {[%clk 0:04:19]} Kf4 {[%clk 0:01:58]} 87. Qf8+ {[%clk
0:04:31]} Nf5 {[%clk 0:02:23]} 88. Qb4+ {[%clk 0:04:21]} Kg5 {[%clk 0:02:11]} 89.
Qd2+ {[%clk 0:03:59]} Kf6 {[%clk 0:02:25]} 90. Qb2+ {[%clk 0:03:43]} Kg6 {[%clk
0:02:32]} 91. Qg2+ {[%clk 0:03:48]} Kf7 {[%clk 0:02:55]} 92. Qd5+ {[%clk
0:03:27]} Kf6 {[%clk 0:03:21]} 93. Qd8+ {[%clk 0:02:29]} Ne7+ {[%clk 0:02:40]}
94. Kb5 {[%clk 0:02:35]} Kf7 {[%clk 0:02:51]} 95. Qb6 {[%clk 0:02:09]} Qa2 {[%clk
0:02:20]} 96. Qc7 {[%clk 0:01:57]} Qb3+ {[%clk 0:02:18]} 97. Ka5 {[%clk 0:01:25]}
Ke8 {[%clk 0:01:58]} 98. Qe5 {[%clk 0:01:23]} Kd7 {[%clk 0:01:12]} 99. Qd4+
{[%clk 0:01:09]} Kc7 {[%clk 0:00:48]} 100. Qe5+ {[%clk 0:01:00]} Kd8 {[%clk
0:01:02]} 101. Qh8+ {[%clk 0:01:12]} Kd7 {[%clk 0:00:50]} 102. Qd4+ {[%clk
0:01:30]} Nd5 {[%clk 0:01:10]} 103. Qg7+ {[%clk 0:01:24]} Kc6 {[%clk 0:01:02]}
104. Qh6+ {[%clk 0:01:23]} Kc5 {[%clk 0:01:05]} 105. Qf8+ {[%clk 0:01:38]} Kd4
{[%clk 0:00:57]} 106. Qg7+ {[%clk 0:01:43]} Kd3 {[%clk 0:01:12]} 107. Qg6+ {[%clk
0:01:44]} Kd2 {[%clk 0:01:18]} 108. Qg2+ {[%clk 0:01:55]} Kc1 {[%clk 0:01:43]}
109. Qf1+ {[%clk 0:02:08]} Kb2 {[%clk 0:02:06]} 110. Qb5 {[%clk 0:02:22]} Qxb5+
{[%clk 0:02:31]} 111. Kxb5 {[%clk 0:02:22]} 1/2-1/2

[Event "European Women's Championship"]
[Site "Vysoke Tatry"]
[Date "2018.04.10"]
[Round "3"]
[White "Sebag, Marie"]
[Black "Badelka, Olga"]
[Result "1-0"]
[Board "9"]
[WhiteElo "2492"]
[WhiteTitle "GM"]
[WhiteCountry "FRA"]
[WhiteFideId "617822"]
[WhiteEloChange "3"]
[BlackElo "2375"]
[BlackTitle "WIM"]
[BlackCountry "BLR"]
[BlackFideId "13509926"]
[BlackEloChange "-7"]

1. e4 {[%clk 1:30:51]} c5 {[%clk 1:30:57]} 2. Nf3 {[%clk 1:31:15]} Nc6 {[%clk
1:31:22]} 3. Bb5 {[%clk 1:31:04]} e6 {[%clk 1:31:47]} 4. O-O {[%clk 1:29:51]}
Nge7 {[%clk 1:32:13]} 5. d4 {[%clk 1:29:33]} cxd4 {[%clk 1:32:36]} 6. Nxd4 {[%clk
1:29:50]} Qb6 {[%clk 1:32:44]} 7. Nxc6 {[%clk 1:28:52]} bxc6 {[%clk 1:33:09]} 8.
Bd3 {[%clk 1:29:05]} Ng6 {[%clk 1:33:33]} 9. c4 {[%clk 1:28:16]} Be7 {[%clk
1:33:58]} 10. Nc3 {[%clk 1:27:39]} O-O {[%clk 1:31:50]} 11. Rb1 {[%clk 1:18:41]}
Qc7 {[%clk 1:32:00]} 12. Be3 {[%clk 1:17:13]} c5 {[%clk 1:31:26]} 13. Qd2 {[%clk
1:08:42]} a6 {[%clk 1:30:03]} 14. f4 {[%clk 1:01:33]} d6 {[%clk 1:28:51]} 15. a3
{[%clk 1:00:12]} Bd7 {[%clk 1:21:10]} 16. b4 {[%clk 0:57:22]} cxb4 {[%clk
1:14:52]} 17. axb4 {[%clk 0:57:46]} Rfc8 {[%clk 1:14:36]} 18. Rfc1 {[%clk
0:46:38]} Bf6 {[%clk 1:10:33]} 19. Ne2 {[%clk 0:41:25]} Qb7 {[%clk 1:04:58]} 20.
Bf2 {[%clk 0:23:14]} Rab8 {[%clk 0:32:54]} 21. Nc3 {[%clk 0:18:55]} Bc6 {[%clk
0:26:35]} 22. Qe3 {[%clk 0:18:52]} Qe7 {[%clk 0:25:51]} 23. b5 {[%clk 0:16:59]}
axb5 {[%clk 0:25:53]} 24. cxb5 {[%clk 0:16:58]} Bd7 {[%clk 0:23:27]} 25. Ne2
{[%clk 0:16:55]} Qd8 {[%clk 0:12:35]} 26. b6 {[%clk 0:13:31]} Rxc1+ {[%clk
0:12:59]} 27. Qxc1 {[%clk 0:12:56]} Ne7 {[%clk 0:12:09]} 28. Qa3 {[%clk 0:07:25]}
Bc6 {[%clk 0:11:54]} 29. Nd4 {[%clk 0:07:16]} Bxd4 {[%clk 0:05:50]} 30. Bxd4
{[%clk 0:07:38]} e5 {[%clk 0:05:56]} 31. fxe5 {[%clk 0:03:19]} d5 {[%clk
0:06:22]} 32. Qd6 {[%clk 0:01:32]} dxe4 {[%clk 0:06:47]} 33. Ba6 {[%clk 0:01:08]}
Qe8 {[%clk 0:07:14]} 34. e6 {[%clk 0:01:10]} f6 {[%clk 0:06:47]} 35. Rc1 {[%clk
0:00:56]} Rd8 {[%clk 0:06:28]} 36. Qc5 {[%clk 0:01:03]} e3 {[%clk 0:05:31]} 37.
Bxe3 {[%clk 0:01:10]} Qg6 {[%clk 0:01:59]} 38. Bf1 {[%clk 0:01:24]} Qe4 {[%clk
0:02:28]} 39. Bf2 {[%clk 0:01:02]} Qxe6 {[%clk 0:02:45]} 40. Re1 {[%clk 0:30:51]}
Be4 {[%clk 0:33:04]} 41. Bc4 {[%clk 0:20:33]} Nd5 {[%clk 0:33:27]} 42. b7 {[%clk
0:20:37]} Qg4 {[%clk 0:31:44]} 43. Rxe4 {[%clk 0:20:39]} 1-0

[Event "European Women's Championship"]
[Site "Vysoke Tatry"]
[Date "2018.04.10"]
[Round "3"]
[White "Gara, Anita"]
[Black "Khotenashvili, Bela"]
[Result "1/2-1/2"]
[Board "10"]
[WhiteElo "2369"]
[WhiteTitle "IM"]
[WhiteCountry "HUN"]
[WhiteFideId "709751"]
[WhiteEloChange "3"]
[BlackElo "2484"]
[BlackTitle "GM"]
[BlackCountry "GEO"]
[BlackFideId "13602640"]
[BlackEloChange "-2"]

1. e4 {[%clk 1:30:59]} c6 {[%clk 1:30:53]} 2. d4 {[%clk 1:31:06]} d5 {[%clk
1:31:11]} 3. Nd2 {[%clk 1:31:17]} dxe4 {[%clk 1:31:24]} 4. Nxe4 {[%clk 1:31:42]}
Bf5 {[%clk 1:31:49]} 5. Ng3 {[%clk 1:32:04]} Bg6 {[%clk 1:32:13]} 6. c3 {[%clk
1:32:25]} e6 {[%clk 1:30:40]} 7. Nh3 {[%clk 1:31:20]} Bd6 {[%clk 1:30:39]} 8. Nf4
{[%clk 1:30:56]} Qc7 {[%clk 1:30:36]} 9. Qf3 {[%clk 1:30:54]} Nf6 {[%clk
1:29:24]} 10. h4 {[%clk 1:30:53]} Nbd7 {[%clk 1:29:25]} 11. h5 {[%clk 1:30:38]}
Bc2 {[%clk 1:29:46]} 12. h6 {[%clk 1:30:03]} gxh6 {[%clk 1:30:04]} 13. Ngh5
{[%clk 1:28:00]} Nxh5 {[%clk 1:17:57]} 14. Rxh5 {[%clk 1:28:21]} Bg6 {[%clk
1:06:55]} 15. Rxh6 {[%clk 1:18:25]} Bxf4 {[%clk 0:54:57]} 16. Bxf4 {[%clk
1:17:31]} Qa5 {[%clk 0:53:49]} 17. Bd3 {[%clk 1:06:00]} O-O-O {[%clk 0:52:02]}
18. Kf1 {[%clk 1:00:01]} Qd5 {[%clk 0:39:27]} 19. Qh3 {[%clk 0:55:06]} Rhg8
{[%clk 0:35:09]} 20. Bxg6 {[%clk 0:54:18]} hxg6 {[%clk 0:31:33]} 21. b3 {[%clk
0:50:45]} g5 {[%clk 0:26:08]} 22. Bh2 {[%clk 0:45:52]} f5 {[%clk 0:24:29]} 23.
Re1 {[%clk 0:45:45]} Rde8 {[%clk 0:24:40]} 24. Be5 {[%clk 0:43:55]} Qa5 {[%clk
0:22:59]} 25. Re2 {[%clk 0:27:58]} Nxe5 {[%clk 0:10:47]} 26. Rxe5 {[%clk
0:28:19]} Qxa2 {[%clk 0:09:31]} 27. Rhxe6 {[%clk 0:28:41]} Rxe6 {[%clk 0:04:00]}
28. Rxe6 {[%clk 0:28:48]} g4 {[%clk 0:03:17]} 29. Qh7 {[%clk 0:26:53]} Rf8 {[%clk
0:03:27]} 30. Qg7 {[%clk 0:17:34]} Rd8 {[%clk 0:03:42]} 31. Qf7 {[%clk 0:15:32]}
Qb1+ {[%clk 0:03:46]} 32. Re1 {[%clk 0:15:51]} Qd3+ {[%clk 0:04:12]} 33. Kg1
{[%clk 0:15:44]} Qxc3 {[%clk 0:02:58]} 34. Qxf5+ {[%clk 0:13:53]} 1/2-1/2

[Event "European Women's Championship"]
[Site "Vysoke Tatry"]
[Date "2018.04.10"]
[Round "3"]
[White "Kovanova, Baira"]
[Black "Paehtz, Elisabeth"]
[Result "0-1"]
[Board "11"]
[WhiteElo "2368"]
[WhiteTitle "WGM"]
[WhiteCountry "RUS"]
[WhiteFideId "4164083"]
[WhiteEloChange "-7"]
[BlackElo "2468"]
[BlackTitle "IM"]
[BlackCountry "GER"]
[BlackFideId "4641833"]
[BlackEloChange "4"]

1. c4 {[%clk 1:30:57]} g6 {[%clk 1:30:31]} 2. Nf3 {[%clk 1:30:09]} Bg7 {[%clk
1:30:56]} 3. d4 {[%clk 1:29:18]} Nf6 {[%clk 1:31:19]} 4. Nc3 {[%clk 1:29:39]} O-O
{[%clk 1:31:43]} 5. e4 {[%clk 1:29:55]} d6 {[%clk 1:29:47]} 6. Be2 {[%clk
1:30:18]} Na6 {[%clk 1:29:02]} 7. O-O {[%clk 1:29:43]} e5 {[%clk 1:28:56]} 8.
dxe5 {[%clk 1:18:52]} dxe5 {[%clk 1:29:22]} 9. Qc2 {[%clk 1:12:41]} Nb4 {[%clk
1:08:40]} 10. Qb3 {[%clk 1:09:45]} Nc6 {[%clk 0:59:54]} 11. Bg5 {[%clk 1:00:54]}
h6 {[%clk 1:00:15]} 12. Rad1 {[%clk 0:59:59]} Nd4 {[%clk 0:54:29]} 13. Nxd4
{[%clk 0:58:40]} exd4 {[%clk 0:54:56]} 14. Bh4 {[%clk 0:54:19]} g5 {[%clk
0:39:17]} 15. Bg3 {[%clk 0:52:32]} c5 {[%clk 0:32:49]} 16. e5 {[%clk 0:40:23]}
Nd7 {[%clk 0:33:13]} 17. Nd5 {[%clk 0:34:45]} Nxe5 {[%clk 0:32:50]} 18. f4 {[%clk
0:29:36]} gxf4 {[%clk 0:33:11]} 19. Bxf4 {[%clk 0:28:23]} Be6 {[%clk 0:28:05]}
20. Qg3 {[%clk 0:23:55]} Ng6 {[%clk 0:27:58]} 21. Bd6 {[%clk 0:21:23]} Bxd5
{[%clk 0:22:31]} 22. cxd5 {[%clk 0:14:59]} Re8 {[%clk 0:20:55]} 23. Bh5 {[%clk
0:12:39]} Re3 {[%clk 0:18:54]} 24. Rf3 {[%clk 0:13:03]} Rxf3 {[%clk 0:18:08]} 25.
Bxf3 {[%clk 0:13:29]} c4 {[%clk 0:16:28]} 26. Bc7 {[%clk 0:13:01]} Qd7 {[%clk
0:15:42]} 27. Be4 {[%clk 0:08:31]} Re8 {[%clk 0:15:27]} 28. Bxg6 {[%clk 0:06:51]}
Re3 {[%clk 0:11:51]} 29. Bxf7+ {[%clk 0:06:03]} Qxf7 {[%clk 0:12:15]} 30. Qd6
{[%clk 0:06:14]} Bf8 {[%clk 0:12:03]} 31. Qf4 {[%clk 0:04:32]} Qxf4 {[%clk
0:07:58]} 32. Bxf4 {[%clk 0:05:01]} Re4 {[%clk 0:08:19]} 33. Bg3 {[%clk 0:02:09]}
d3 {[%clk 0:08:19]} 34. Bf2 {[%clk 0:01:30]} Re2 {[%clk 0:08:16]} 35. Bd4 {[%clk
0:01:49]} Bg7 {[%clk 0:07:16]} 36. Bxa7 {[%clk 0:01:18]} Rxb2 {[%clk 0:07:10]}
37. d6 {[%clk 0:00:52]} Kf7 {[%clk 0:06:57]} 38. Bc5 {[%clk 0:00:55]} Ke8 {[%clk
0:05:10]} 39. Rf1 {[%clk 0:00:44]} b6 {[%clk 0:04:32]} 40. Ba3 {[%clk 0:30:35]}
Bd4+ {[%clk 0:34:52]} 41. Kh1 {[%clk 0:30:51]} Rf2 {[%clk 0:35:12]} 0-1

[Event "European Women's Championship"]
[Site "Vysoke Tatry"]
[Date "2018.04.10"]
[Round "3"]
[White "Osmak, Iulija"]
[Black "Javakhishvili, Lela"]
[Result "0-1"]
[Board "12"]
[WhiteElo "2361"]
[WhiteTitle "IM"]
[WhiteCountry "UKR"]
[WhiteFideId "14101602"]
[WhiteEloChange "-7"]
[BlackElo "2467"]
[BlackTitle "IM"]
[BlackCountry "GEO"]
[BlackFideId "13601458"]
[BlackEloChange "4"]

1. d4 {[%clk 1:30:57]} Nf6 {[%clk 1:30:52]} 2. c4 {[%clk 1:31:22]} e6 {[%clk
1:31:12]} 3. Nc3 {[%clk 1:31:41]} Bb4 {[%clk 1:31:35]} 4. a3 {[%clk 1:31:51]}
Bxc3+ {[%clk 1:31:58]} 5. bxc3 {[%clk 1:32:18]} Nc6 {[%clk 1:24:56]} 6. f3 {[%clk
1:32:00]} d5 {[%clk 1:25:13]} 7. cxd5 {[%clk 1:28:17]} exd5 {[%clk 1:25:38]} 8.
e3 {[%clk 1:28:05]} Bf5 {[%clk 1:25:54]} 9. g4 {[%clk 1:20:24]} Nxg4 {[%clk
1:25:52]} 10. fxg4 {[%clk 1:20:37]} Qh4+ {[%clk 1:26:11]} 11. Kd2 {[%clk
1:20:14]} Be4 {[%clk 1:26:20]} 12. Nf3 {[%clk 1:16:10]} Qf2+ {[%clk 1:26:14]} 13.
Qe2 {[%clk 1:15:29]} Qxf3 {[%clk 1:26:12]} 14. Qxf3 {[%clk 1:15:46]} Bxf3 {[%clk
1:26:38]} 15. Rg1 {[%clk 1:16:14]} Na5 {[%clk 1:22:27]} 16. Rb1 {[%clk 1:15:42]}
Be4 {[%clk 1:17:27]} 17. Rb4 {[%clk 1:15:21]} O-O {[%clk 1:16:55]} 18. c4 {[%clk
1:15:22]} dxc4 {[%clk 1:09:05]} 19. Bxc4 {[%clk 1:15:39]} Nxc4+ {[%clk 1:07:42]}
20. Rxc4 {[%clk 1:16:04]} c6 {[%clk 1:07:54]} 21. Ke2 {[%clk 1:13:05]} Bd5 {[%clk
1:04:13]} 22. Rc2 {[%clk 1:09:46]} g5 {[%clk 0:58:02]} 23. Bd2 {[%clk 1:00:56]}
Rfe8 {[%clk 0:54:35]} 24. Bb4 {[%clk 0:57:41]} Re6 {[%clk 0:54:13]} 25. Rg3
{[%clk 0:52:33]} Kg7 {[%clk 0:53:08]} 26. Be1 {[%clk 0:51:16]} Rae8 {[%clk
0:48:12]} 27. Rb2 {[%clk 0:51:11]} b5 {[%clk 0:47:18]} 28. Ba5 {[%clk 0:48:38]}
Kg6 {[%clk 0:45:47]} 29. Rc2 {[%clk 0:43:26]} Bc4+ {[%clk 0:39:40]} 30. Kf2
{[%clk 0:38:42]} h5 {[%clk 0:37:37]} 31. gxh5+ {[%clk 0:38:05]} Kxh5 {[%clk
0:38:03]} 32. Rc1 {[%clk 0:37:31]} Rf6+ {[%clk 0:23:27]} 33. Rf3 {[%clk 0:35:26]}
Kg6 {[%clk 0:18:10]} 34. Rg1 {[%clk 0:34:50]} Rxf3+ {[%clk 0:17:15]} 35. Kxf3
{[%clk 0:35:16]} Bd5+ {[%clk 0:17:34]} 36. Ke2 {[%clk 0:33:05]} Rh8 {[%clk
0:13:55]} 37. Bc7 {[%clk 0:33:28]} f6 {[%clk 0:12:29]} 38. Kd3 {[%clk 0:31:15]}
Bc4+ {[%clk 0:12:34]} 39. Kd2 {[%clk 0:29:09]} Rh7 {[%clk 0:12:14]} 40. Bd6
{[%clk 0:55:58]} Kf5 {[%clk 0:40:45]} 41. Rg2 {[%clk 0:55:46]} Ke4 {[%clk
0:34:29]} 42. Rg4+ {[%clk 0:45:32]} Kd5 {[%clk 0:32:21]} 43. Bg3 {[%clk 0:42:16]}
Bf1 {[%clk 0:29:13]} 44. e4+ {[%clk 0:36:16]} Ke6 {[%clk 0:23:47]} 45. Bb8 {[%clk
0:36:05]} Rb7 {[%clk 0:24:02]} 46. Rg1 {[%clk 0:36:27]} Rxb8 {[%clk 0:24:03]} 47.
Rxf1 {[%clk 0:36:53]} Rh8 {[%clk 0:24:21]} 48. Kc3 {[%clk 0:32:27]} Rxh2 {[%clk
0:24:06]} 49. a4 {[%clk 0:32:52]} bxa4 {[%clk 0:21:35]} 50. Kc4 {[%clk 0:31:18]}
a3 {[%clk 0:16:45]} 51. d5+ {[%clk 0:31:34]} cxd5+ {[%clk 0:17:09]} 52. exd5+
{[%clk 0:32:01]} Kf7 {[%clk 0:15:37]} 53. Rb1 {[%clk 0:31:55]} Rb2 {[%clk
0:15:53]} 54. Rh1 {[%clk 0:31:43]} Kg6 {[%clk 0:15:12]} 55. Kc3 {[%clk 0:31:20]}
Rb6 {[%clk 0:14:28]} 56. Ra1 {[%clk 0:31:13]} Ra6 {[%clk 0:14:39]} 57. Kc4 {[%clk
0:31:36]} a2 {[%clk 0:14:37]} 58. Kb5 {[%clk 0:31:59]} Ra3 {[%clk 0:14:47]} 59.
d6 {[%clk 0:31:11]} Kf7 {[%clk 0:13:41]} 60. Kc6 {[%clk 0:31:31]} Rc3+ {[%clk
0:09:52]} 61. Kd7 {[%clk 0:31:49]} Rc2 {[%clk 0:10:03]} 62. Kd8 {[%clk 0:32:12]}
g4 {[%clk 0:10:09]} 63. d7 {[%clk 0:32:39]} g3 {[%clk 0:09:50]} 64. Rc1 {[%clk
0:32:41]} Rd2 {[%clk 0:07:14]} 65. Kc8 {[%clk 0:32:57]} g2 {[%clk 0:07:13]} 66.
d8Q {[%clk 0:32:49]} Rxd8+ {[%clk 0:07:40]} 67. Kxd8 {[%clk 0:33:15]} f5 {[%clk
0:08:06]} 68. Kd7 {[%clk 0:29:59]} f4 {[%clk 0:08:29]} 69. Kd6 {[%clk 0:30:00]}
f3 {[%clk 0:08:46]} 70. Ke5 {[%clk 0:30:23]} f2 {[%clk 0:08:35]} 71. Rc7+ {[%clk
0:30:50]} Kg6 {[%clk 0:08:47]} 72. Rc6+ {[%clk 0:31:18]} Kg5 {[%clk 0:09:02]} 0-1